Un mot pour une chanson en anglais (click quiz) - Statistiques

Statistiques générales
  • Ce quiz a été pris 71 fois
  • Le résultat moyen est 5 sur 8
Statistiques - réponses
Hint Réponse % Correct
Back to Black
85%
Rain Purple
82%
Submarine Yellow
82%
To be alive Brown
70%
Hotel Blue
61%
Coming up Roses
42%
Fields forever Strawberry
37%
Beret Raspberry
13%
Aucun quiz correspondant
Distribution des résultats
% des personnes avec chaque résultat
Percentile par nombre de réponses
Votre historique - résultats
Vous n’avez pas pris ce quiz